Normal view
MARC view
- A diplomat's views of systemic and good governance challenges and opportunities
Entry Topical Term
001 - CONTROL NUMBER
- control field: 72510
003 - CONTROL NUMBER IDENTIFIER
- control field: NUST
005 - DATE AND TIME OF LATEST TRANSACTION
- control field: 20210628204818.0
008 - FIXED-LENGTH DATA ELEMENTS
- fixed length control field: 210628|| aca||aabn | a|a d
040 ## - CATALOGING SOURCE
- Original cataloging agency: NUST
- Transcribing agency: NUST
150 ## - HEADING--TOPICAL TERM
- Topical term or geographic name entry element: A diplomat's views of systemic and good governance challenges and opportunities
670 ## - SOURCE DATA FOUND
- Source citation: Work cat.: (NUST): Hasan Javed,Syed 72509, National building paradoxes in india and pakistan, 2018
